000 00303 a2200157 4500
001 182800
020 _a
040 _cMagnum
100 _aMalba Tahan
240 1 0 _aCéu de Allah
_lpor
245 1 0 _aCéu de Allah
300 _a220
362 0 _a1963
697 _aLITERATURA GERAL
942 _cBK
999 _c182800
_d182800